01190nam a22002177a 4500003000400000020001800004082001400022100001300036245003300049250000900082260003000091300000800121650002000129942001200149952014300161952015900304952017400463952015900637952015900796999001700955SGT a9789356963788 a617bM24D aDAS, S.  aA MANUAL ON CLINICAL SURGERY a17TH aINDIA bJAYPEE PUB c2024 a707 aGENERAL SURGERY 2ddccBK 00102ddc40718MEDICALaFMbFMcREFd2025-02-11eABC DELHIg1800.00iSGTUo617 M24DpFM14771r2025-04-02 00:00:00w2025-02-11yBKk20461 00102ddc40708MEDICALaFMbFMcTXTd2025-02-11eABC DELHIg1800.00iSGTUl17o617 M24DpFM14772r2026-04-18 00:00:00s2026-04-03w2025-02-11yBKk20461 00102ddc40708MEDICALaFMbFMcTXTd2025-02-11eABC DELHIg1800.00iSGTUl14m1o617 M24DpFM14773q2026-05-25r2026-03-26 00:00:00s2026-03-26w2025-02-11yBKk20461 00102ddc40708MEDICALaFMbFMcTXTd2025-02-11eABC DELHIg1800.00iSGTUl18o617 M24DpFM14774r2026-04-23 00:00:00s2026-03-12w2025-02-11yBKk20461 00102ddc40708MEDICALaFMbFMcTXTd2025-02-11eABC DELHIg1800.00iSGTUl16o617 M24DpFM14775r2026-04-21 00:00:00s2026-04-09w2025-02-11yBKk20461 c30603d30603